[Event "2023 Welsh Open"]
[Site "Cardiff"]
[Date "2023.04.10"]
[Round "6.3"]
[White "Mba, Reginald"]
[Black "Cave, Iwan"]
[Result "0-1"]
[WhiteElo "1811"]
[BlackElo "1711"]
[Annotator "Paul,Hatchett"]
[PlyCount "144"]
[EventDate "2023.04.07"]
[EventRounds "7"]
[EventCountry "WLS"]

1. e4 {[%emt 0:00:03]} c5 {[%emt 0:00:08]} 2. Nf3 {[%emt 0:00:11]} d6 {[%emt 0:00:08]} 3. Bb5+ {[%emt 0:00:09]} Nd7 {[%emt 0:00:10]} 4. O-O {[%emt 0:00:35]} Ngf6 {[%emt 0:01:13]} 5. Re1 {[%emt 0:00:14]} a6 {[%emt 0:00:10]} 6. Bf1 {[%emt 0:00:23]} e6 {[%emt 0:03:09]} 7. c3 {[%emt 0:00:33]} Be7 {[%emt 0:02:00]} 8. d4 {[%emt 0:00:18]} cxd4 {[%emt 0:00:45]} 9. cxd4 {[%emt 0:00:06]} O-O {[%emt 0:07:06]} 10. a4 {[%emt 0:00:55]} b6 {[%emt 0:05:03]} 11. Nc3 {[%emt 0:00:22]} Bb7 {[%emt 0:02:11]} 12. g3 {[%emt 0:00:42]} Rc8 {[%emt 0:04:23]} 13. Bg2 {[%emt 0:00:32]} b5 {[%emt 0:13:11]} 14. axb5 {[%emt 0:00:40]} axb5 {[%emt 0:03:10]} 15. e5 {[%emt 0:00:40]} dxe5 {[%emt 0:00:37]} 16. dxe5 {[%emt 0:01:53]} Nd5 {[%emt 0:00:07]} 17. Nxb5 {[%emt 0:02:44]} Qb6 {[%emt 0:01:06]} 18. Nc3 {[%emt 0:05:01]} Rfd8 {[%emt 0:18:33]} 19. Nxd5 {[%emt 0:00:50]} Bxd5 {[%emt 0:00:08]} 20. Qe2 {[%emt 0:04:45]} Bc4 {[%emt 0:04:06]} 21. Qe4 {[%emt 0:03:22]} Bd5 {[%emt 0:03:32]} 22. Qe2 {[%emt 0:03:21]} Bb4 {[%emt 0:05:19]} 23. Be3 {[%emt 0:01:08]} Qb7 {[%emt 0:01:37]} 24. Ra7 {[%emt 0:03:23]} Qb8 {[%emt 0:01:05]} 25. Rea1 {[%emt 0:01:37]} Nxe5 {[%emt 0:00:42]} 26. Bf4 {[%emt 0:03:33]} Nxf3+ {[%emt 0:00:24]} 27. Bxf3 {[%emt 0:01:23]} Qb6 {[%emt 0:02:26]} 28. Bxd5 {[%emt 0:07:59]} Rxd5 {[%emt 0:03:26]} 29. R1a6 {[%emt 0:02:23]} Qd8 {[%emt 0:02:59]} 30. Qf3 {[%emt 0:01:45]} Qf6 {[%emt 0:01:01]} 31. Qe4 {[%emt 0:06:41]} Bf8 {[%emt 0:01:48]} 32. Rb7 {[%emt 0:01:17]} Rd4 {[%emt 0:05:11]} 33. Qe5 {[%emt 0:01:12]} Rd1+ {[%emt 0:00:32]} 34. Kg2 {[%emt 0:00:20]} Qg6 {[%emt 0:02:01]} 35. Raa7 {[%emt 0:01:35]} Rd5 {[%emt 0:02:52]} 36. Qe1 {[%emt 0:03:21]} Bc5 {[%emt 0:00:17]} 37. Ra1 {[%emt 0:01:20]} e5 {[%emt 0:01:20]} 38. Rc7 {[%emt 0:15:45]} Rxc7 {[%emt 0:00:19]} 39. Ra8+ {[%emt 0:00:11]} Bf8 {[%emt 0:00:08]} 40. Qb4 {[%emt 0:00:22]} Qd6 {[%emt 0:00:58]} 41. Qxd6 {[%emt 0:00:10]} Rxd6 {[%emt 0:00:04]} 42. Bxe5 {[%emt 0:00:07]} Rcd7 {[%emt 0:00:07]} 43. Bxd6 {[%emt 0:00:31]} Rxd6 {[%emt 0:00:06]} 44. Rb8 {[%emt 0:03:14]} Rd4 {[%emt 0:01:18]} 45. Kf1 {[%emt 0:00:44]} f5 {[%emt 0:01:53]} 46. Ke2 {[%emt 0:00:29]} Kf7 {[%emt 0:00:27]} 47. f3 {[%emt 0:00:25]} Rb4 {[%emt 0:00:52]} 48. Rxb4 {[%emt 0:00:18]} Bxb4 {[%emt 0:00:06]} 49. Kd3 {[%emt 0:00:29]} Ke6 {[%emt 0:00:16]} 50. Kc4 {[%emt 0:00:24]} Bd6 {[%emt 0:00:07]} 51. b4 {[%emt 0:00:34]} h5 {[%emt 0:01:18]} 52. b5 {[%emt 0:00:58]} f4 {[%emt 0:02:05]} 53. gxf4 {[%emt 0:01:23]} Bxf4 {[%emt 0:00:06]} 54. h3 {[%emt 0:00:11]} Kd6 {[%emt 0:00:08]} 55. Kd4 {[%emt 0:00:23]} g5 {[%emt 0:00:07]} 56. Ke4 {[%emt 0:00:09]} h4 {[%emt 0:00:05]} 57. Kd4 {[%emt 0:01:33]} Bg3 {[%emt 0:00:35]} 58. Kc4 {[%emt 0:00:31]} Bf2 {[%emt 0:00:10]} 59. Kd3 {[%emt 0:01:17]} Kc5 {[%emt 0:00:18]} 60. Ke4 {[%emt 0:00:08]} Bg3 {[%emt 0:00:08]} 61. Ke3 {[%emt 0:02:40]} Kxb5 {[%emt 0:00:36]} 62. Kd3 {[%emt 0:00:19]} Kc5 {[%emt 0:00:23]} 63. Kc3 {[%emt 0:00:38]} Bf4 {[%emt 0:00:17]} 64. Kd3 {[%emt 0:00:22]} Kd5 {[%emt 0:00:05]} 65. Kc3 {[%emt 0:00:45]} Ke5 {[%emt 0:00:10]} 66. Kd3 {[%emt 0:00:21]} Kf5 {[%emt 0:00:05]} 67. Ke2 {[%emt 0:00:43]} Bc1 {[%emt 0:00:07]} 68. Kd1 {[%emt 0:01:03]} Kf4 {[%emt 0:00:22]} 69. Kxc1 {[%emt 0:00:21]} Kxf3 {[%emt 0:00:05]} 70. Kd1 {[%emt 0:00:07]} Kg3 {[%emt 0:00:04]} 71. Ke1 {[%emt 0:00:40]} Kxh3 {[%emt 0:00:06]} 72. Kf1 {[%emt 0:00:05]} Kh2 {[%emt 0:00:04]} 0-1

[Event "2023 Welsh Open"]
[Site "Cardiff"]
[Date "2023.04.10"]
[Round "6.4"]
[White "Matejovsky, Ondrej"]
[Black "Macdonald, Duncan"]
[Result "1-0"]
[WhiteElo "1936"]
[BlackElo "1566"]
[Annotator "Paul,Hatchett"]
[PlyCount "99"]
[EventDate "2023.04.07"]
[EventRounds "7"]
[EventCountry "WLS"]

1. e4 {[%emt 0:00:03]} c6 {[%emt 0:00:24]} 2. d4 {[%emt 0:00:12]} d5 {[%emt 0:00:05]} 3. exd5 {[%emt 0:00:21]} cxd5 {[%emt 0:00:07]} 4. c3 {[%emt 0:00:13]} Nc6 {[%emt 0:00:06]} 5. Bd3 {[%emt 0:00:14]} Qc7 {[%emt 0:00:06]} 6. Nf3 {[%emt 0:02:35]} Bg4 {[%emt 0:00:33]} 7. O-O {[%emt 0:00:52]} e6 {[%emt 0:00:51]} 8. Nbd2 {[%emt 0:09:54]} Nf6 {[%emt 0:03:34]} 9. Re1 {[%emt 0:12:39]} Bd6 {[%emt 0:01:00]} 10. Nf1 {[%emt 0:00:37]} O-O {[%emt 0:04:49]} 11. Bg5 {[%emt 0:06:28]} Nd7 {[%emt 0:13:16]} 12. Bh4 {[%emt 0:05:41]} h6 {[%emt 0:00:32]} 13. h3 {[%emt 0:04:42]} Bf5 {[%emt 0:00:23]} 14. Bg3 {[%emt 0:03:18]} Bxd3 {[%emt 0:00:24]} 15. Qxd3 {[%emt 0:00:59]} Rae8 {[%emt 0:02:30]} 16. Bxd6 {[%emt 0:05:26]} Qxd6 {[%emt 0:00:22]} 17. Ne3 {[%emt 0:01:09]} Nb6 {[%emt 0:02:33]} 18. Re2 {[%emt 0:03:44]} Re7 {[%emt 0:13:26]} 19. Rae1 {[%emt 0:03:29]} Rfe8 {[%emt 0:08:56]} 20. Ng4 {[%emt 0:08:24]} Nd7 {[%emt 0:01:54]} 21. Nfe5 {[%emt 0:03:21]} f5 {[%emt 0:06:15]} 22. Nxc6 {[%emt 0:07:58]} Qxc6 {[%emt 0:01:34]} 23. Ne5 {[%emt 0:00:22]} Nxe5 {[%emt 0:00:38]} 24. Rxe5 {[%emt 0:00:11]} Qa6 {[%emt 0:06:27]} 25. Qb1 {[%emt 0:08:17]} g6 {[%emt 0:04:00]} 26. g4 {[%emt 0:01:56]} Rg7 {[%emt 0:02:04]} 27. Rxd5 {[%emt 0:02:00]} Qc6 {[%emt 0:05:18]} 28. Rde5 {[%emt 0:00:53]} Qf3 {[%emt 0:01:15]} 29. R1e3 {[%emt 0:02:17]} Qf4 {[%emt 0:00:21]} 30. Qd1 {[%emt 0:00:41]} h5 {[%emt 0:02:38]} 31. Rf3 {[%emt 0:03:52]} Qg5 {[%emt 0:00:16]} 32. Qe2 {[%emt 0:00:48]} hxg4 {[%emt 0:00:55]} 33. Rg3 {[%emt 0:01:03]} Qc1+ {[%emt 0:00:34]} 34. Kg2 {[%emt 0:00:48]} Rh7 {[%emt 0:00:21]} 35. Rxe6 {[%emt 0:00:22]} Rxe6 {[%emt 0:00:59]} 36. Qxe6+ {[%emt 0:00:03]} Kg7 {[%emt 0:00:13]} 37. Qe7+ {[%emt 0:00:13]} Kg8 {[%emt 0:00:10]} 38. Qe8+ {[%emt 0:00:43]} Kg7 {[%emt 0:00:10]} 39. Re3 {[%emt 0:00:37]} gxh3+ {[%emt 0:16:53]} 40. Kh2 {[%emt 0:00:35]} Qf1 {[%emt 0:00:09]} 41. Qe5+ {[%emt 0:07:25]} Kg8 {[%emt 0:04:26]} 42. Qb8+ {[%emt 0:00:37]} Kf7 {[%emt 0:04:10]} 43. Qxb7+ {[%emt 0:00:51]} Kf6 {[%emt 0:02:35]} 44. Qc6+ {[%emt 0:00:39]} Kg7 {[%emt 0:05:22]} 45. Qb7+ {[%emt 0:02:04]} Kh6 {[%emt 0:00:25]} 46. Qf3 {[%emt 0:00:49]} Qg2+ {[%emt 0:05:17]} 47. Qxg2 {[%emt 0:00:20]} hxg2 {[%emt 0:00:05]} 48. Rh3+ {[%emt 0:00:15]} Kg7 {[%emt 0:00:16]} 49. Rxh7+ {[%emt 0:00:07]} Kxh7 {[%emt 0:00:04]} 50. Kxg2 {[%emt 0:00:06]} 1-0

[Event "2023 Welsh Open"]
[Site "Cardiff"]
[Date "2023.04.10"]
[Round "6.5"]
[White "Fowler, Caspian"]
[Black "Vlkova, Anezka"]
[Result "1/2-1/2"]
[WhiteElo "1546"]
[BlackElo "1956"]
[Annotator "Paul,Hatchett"]
[PlyCount "94"]
[EventDate "2023.04.07"]
[EventRounds "7"]
[EventCountry "WLS"]

1. e4 {[%emt 0:00:02]} e6 {[%emt 0:00:06]} 2. d4 {[%emt 0:00:03]} d5 {[%emt 0:00:02]} 3. e5 {[%emt 0:00:06]} c5 {[%emt 0:00:10]} 4. c3 {[%emt 0:00:05]} Nc6 {[%emt 0:00:04]} 5. Nf3 {[%emt 0:00:04]} Bd7 {[%emt 0:00:06]} 6. Be2 {[%emt 0:01:46]} Nge7 {[%emt 0:00:11]} 7. a3 {[%emt 0:01:45]} c4 {[%emt 0:00:47]} 8. O-O {[%emt 0:00:36]} Na5 {[%emt 0:00:53]} 9. Nbd2 {[%emt 0:00:23]} Bc6 {[%emt 0:00:28]} 10. Re1 {[%emt 0:02:15]} Qd7 {[%emt 0:00:28]} 11. a4 {[%emt 0:05:35]} Ng6 {[%emt 0:03:57]} 12. g3 {[%emt 0:00:51]} h5 {[%emt 0:06:05]} 13. Qc2 {[%emt 0:18:29]} h4 {[%emt 0:02:23]} 14. Bd1 {[%emt 0:10:45]} b6 {[%emt 0:11:15]} 15. Qb1 {[%emt 0:02:02]} Rc8 {[%emt 0:12:33]} 16. Bc2 {[%emt 0:01:02]} hxg3 {[%emt 0:01:57]} 17. fxg3 {[%emt 0:00:33]} Ne7 {[%emt 0:01:23]} 18. Rf1 {[%emt 0:04:35]} g6 {[%emt 0:01:02]} 19. Ng5 {[%emt 0:06:04]} Nf5 {[%emt 0:08:31]} 20. g4 {[%emt 0:02:31]} Be7 {[%emt 0:11:47]} 21. Ndf3 {[%emt 0:02:23]} Bxg5 {[%emt 0:14:47]} 22. Nxg5 {[%emt 0:00:54]} Rh4 {[%emt 0:02:58]} 23. gxf5 {[%emt 0:02:29]} gxf5 {[%emt 0:01:53]} 24. Rf4 {[%emt 0:00:59]} Rh5 {[%emt 0:00:22]} 25. Rf3 {[%emt 0:00:22]} Qe7 {[%emt 0:01:43]} 26. Bd2 {[%emt 0:03:36]} Rxg5+ {[%emt 0:01:27]} 27. Bxg5 {[%emt 0:00:24]} Qxg5+ {[%emt 0:00:13]} 28. Rg3 {[%emt 0:00:33]} Qh4 {[%emt 0:02:43]} 29. Qe1 {[%emt 0:00:35]} Ke7 {[%emt 0:00:14]} 30. Rg7 {[%emt 0:03:30]} Qh6 {[%emt 0:04:49]} 31. Qg3 {[%emt 0:00:44]} Rh8 {[%emt 0:00:09]} 32. Qg5+ {[%emt 0:05:03]} Kf8 {[%emt 0:01:01]} 33. Qxh6 {[%emt 0:00:49]} Rxh6 {[%emt 0:00:05]} 34. Rg3 {[%emt 0:00:16]} Rg6 {[%emt 0:00:12]} 35. Kf2 {[%emt 0:00:30]} Be8 {[%emt 0:01:47]} 36. Rag1 {[%emt 0:01:09]} Rh6 {[%emt 0:03:26]} 37. h3 {[%emt 0:02:47]} Nc6 {[%emt 0:00:09]} 38. b3 {[%emt 0:05:22]} Na5 {[%emt 0:01:26]} 39. b4 {[%emt 0:01:14]} Nc6 {[%emt 0:00:46]} 40. a5 {[%emt 0:01:39]} b5 {[%emt 0:01:38]} 41. Bd1 {[%emt 0:07:17]} Ne7 {[%emt 0:01:53]} 42. Kg2 {[%emt 0:12:39]} a6 {[%emt 0:02:19]} 43. Kh2 {[%emt 0:02:34]} Ng6 {[%emt 0:02:29]} 44. Rf1 {[%emt 0:01:14]} Rh4 {[%emt 0:01:24]} 45. Bc2 {[%emt 0:04:21]} Bd7 {[%emt 0:00:57]} 46. Rg5 {[%emt 0:06:58]} Kg7 {[%emt 0:01:27]} 47. Bd1 {[%emt 0:01:04]} Kh6 {[%emt 0:00:46]} 1/2-1/2

[Event "2023 Welsh Open"]
[Site "Cardiff"]
[Date "2023.04.10"]
[Round "6.6"]
[White "Morgans, Justin"]
[Black "Harris, Calum"]
[Result "0-1"]
[WhiteElo "1636"]
[BlackElo "1828"]
[Annotator "Paul,Hatchett"]
[PlyCount "74"]
[EventDate "2023.04.07"]
[EventRounds "7"]
[EventCountry "WLS"]

1. e4 {[%emt 0:00:04]} c5 {[%emt 0:00:07]} 2. Nf3 {[%emt 0:00:11]} d6 {[%emt 0:00:07]} 3. c3 {[%emt 0:00:06]} Nf6 {[%emt 0:00:14]} 4. Qc2 {[%emt 0:00:19]} Nc6 {[%emt 0:00:24]} 5. Bb5 {[%emt 0:00:34]} Bd7 {[%emt 0:00:14]} 6. O-O {[%emt 0:00:27]} a6 {[%emt 0:03:49]} 7. Be2 {[%emt 0:06:44]} Rc8 {[%emt 0:02:27]} 8. d3 {[%emt 0:00:18]} g6 {[%emt 0:01:52]} 9. Be3 {[%emt 0:04:17]} Ng4 {[%emt 0:02:42]} 10. Nbd2 {[%emt 0:01:02]} Nxe3 {[%emt 0:00:43]} 11. fxe3 {[%emt 0:00:09]} Bh6 {[%emt 0:00:33]} 12. Kh1 {[%emt 0:07:19]} Bxe3 {[%emt 0:01:09]} 13. Rae1 {[%emt 0:03:38]} O-O {[%emt 0:00:58]} 14. Bd1 {[%emt 0:00:44]} Bh6 {[%emt 0:00:19]} 15. Qb1 {[%emt 0:06:02]} e5 {[%emt 0:02:23]} 16. Nc4 {[%emt 0:04:35]} Be6 {[%emt 0:01:25]} 17. Ne3 {[%emt 0:00:37]} Ne7 {[%emt 0:01:28]} 18. c4 {[%emt 0:05:44]} f5 {[%emt 0:04:11]} 19. Nd5 {[%emt 0:04:01]} Nxd5 {[%emt 0:02:33]} 20. exd5 {[%emt 0:02:58]} Bd7 {[%emt 0:00:22]} 21. Bc2 {[%emt 0:11:10]} b5 {[%emt 0:03:25]} 22. b3 {[%emt 0:03:21]} b4 {[%emt 0:01:06]} 23. Qd1 {[%emt 0:01:04]} g5 {[%emt 0:02:00]} 24. h3 {[%emt 0:01:40]} g4 {[%emt 0:01:34]} 25. Nh2 {[%emt 0:01:34]} Qh4 {[%emt 0:00:39]} 26. hxg4 {[%emt 0:07:24]} fxg4 {[%emt 0:01:29]} 27. Kg1 {[%emt 0:00:07]} Bf4 {[%emt 0:00:49]} 28. Rxf4 {[%emt 0:00:34]} Rxf4 {[%emt 0:00:32]} 29. Re4 {[%emt 0:00:42]} Rcf8 {[%emt 0:01:06]} 30. Rxf4 {[%emt 0:01:25]} Rxf4 {[%emt 0:00:15]} 31. Qe2 {[%emt 0:01:38]} Rf6 {[%emt 0:04:35]} 32. Bd1 {[%emt 0:01:08]} Kh8 {[%emt 0:02:02]} 33. Qe3 {[%emt 0:01:21]} Rh6 {[%emt 0:06:36]} 34. Nf1 {[%emt 0:02:38]} Qh1+ {[%emt 0:00:20]} 35. Kf2 {[%emt 0:00:56]} Rf6+ {[%emt 0:00:08]} 36. Bf3 {[%emt 0:00:30]} gxf3 {[%emt 0:00:52]} 37. Qg5 {[%emt 0:00:06]} Qxg2+ {[%emt 0:00:29]} 0-1

[Event "2023 Welsh Open"]
[Site "Cardiff"]
[Date "2023.04.10"]
[Round "6.7"]
[White "Guy, David"]
[Black "Larg, Richard"]
[Result "1/2-1/2"]
[WhiteElo "1827"]
[BlackElo "1590"]
[Annotator "Paul,Hatchett"]
[PlyCount "23"]
[EventDate "2023.04.07"]
[EventRounds "7"]
[EventCountry "WLS"]

1. d4 {[%emt 0:00:06]} d5 {[%emt 0:00:17]} 2. Nf3 {[%emt 0:00:06]} Nf6 {[%emt 0:00:40]} 3. c4 {[%emt 0:00:21]} e6 {[%emt 0:01:14]} 4. Nc3 {[%emt 0:00:16]} Be7 {[%emt 0:03:01]} 5. Bg5 {[%emt 0:00:38]} O-O {[%emt 0:02:10]} 6. e3 {[%emt 0:00:27]} Nbd7 {[%emt 0:02:15]} 7. Qc2 {[%emt 0:03:21]} c5 {[%emt 0:06:06]} 8. cxd5 {[%emt 0:02:55]} Nxd5 {[%emt 0:07:06]} 9. Bxe7 {[%emt 0:01:32]} Qxe7 {[%emt 0:01:02]} 10. Nxd5 {[%emt 0:04:06]} exd5 {[%emt 0:00:27]} 11. dxc5 {[%emt 0:04:51]} Qxc5 {[%emt 0:07:05]} 12. Qxc5 {[%emt 0:06:29]} 1/2-1/2

[Event "2023 Welsh Open"]
[Site "Cardiff"]
[Date "2023.04.10"]
[Round "6.8"]
[White "Stuart, Neil"]
[Black "Wu, Yuxuan"]
[Result "0-1"]
[WhiteElo "1746"]
[BlackElo "1577"]
[Annotator "Paul,Hatchett"]
[PlyCount "80"]
[EventDate "2023.04.07"]
[EventRounds "7"]
[EventCountry "WLS"]

1. d4 {[%emt 0:08:42]} Nf6 {[%emt 0:00:09]} 2. Nf3 {[%emt 0:00:16]} e6 {[%emt 0:00:06]} 3. c4 {[%emt 0:00:28]} Bb4+ {[%emt 0:00:09]} 4. Bd2 {[%emt 0:00:23]} a5 {[%emt 0:00:13]} 5. g3 {[%emt 0:03:15]} d6 {[%emt 0:00:25]} 6. Bg2 {[%emt 0:00:27]} Nbd7 {[%emt 0:00:11]} 7. O-O {[%emt 0:00:41]} e5 {[%emt 0:01:10]} 8. Qc2 {[%emt 0:05:59]} Bxd2 {[%emt 0:01:03]} 9. Nbxd2 {[%emt 0:01:27]} O-O {[%emt 0:01:40]} 10. Rfe1 {[%emt 0:07:40]} Qe7 {[%emt 0:01:53]} 11. Rac1 {[%emt 0:03:19]} c6 {[%emt 0:03:50]} 12. e4 {[%emt 0:05:31]} a4 {[%emt 0:03:59]} 13. b4 {[%emt 0:04:46]} c5 {[%emt 0:11:04]} 14. bxc5 {[%emt 0:06:54]} dxc5 {[%emt 0:00:26]} 15. d5 {[%emt 0:01:02]} Ne8 {[%emt 0:01:15]} 16. Nh4 {[%emt 0:10:20]} g6 {[%emt 0:01:11]} 17. Bh3 {[%emt 0:03:36]} Nd6 {[%emt 0:03:23]} 18. Nf1 {[%emt 0:09:00]} Nb6 {[%emt 0:04:32]} 19. Bxc8 {[%emt 0:00:45]} Rfxc8 {[%emt 0:00:32]} 20. Ne3 {[%emt 0:01:08]} a3 {[%emt 0:06:18]} 21. Nf3 {[%emt 0:05:19]} Nd7 {[%emt 0:19:04]} 22. Rb1 {[%emt 0:02:58]} Nf6 {[%emt 0:01:49]} 23. Nd2 {[%emt 0:00:52]} h5 {[%emt 0:01:32]} 24. Ng2 {[%emt 0:03:03]} Rcb8 {[%emt 0:03:21]} 25. Qc3 {[%emt 0:03:24]} Ra4 {[%emt 0:03:23]} 26. f4 {[%emt 0:01:14]} Nd7 {[%emt 0:02:47]} 27. Nh4 {[%emt 0:07:48]} Kh7 {[%emt 0:07:14]} 28. Nhf3 {[%emt 0:00:12]} f6 {[%emt 0:00:46]} 29. Rf1 {[%emt 0:01:35]} Rg8 {[%emt 0:06:26]} 30. Qd3 {[%emt 0:00:35]} Rg7 {[%emt 0:02:23]} 31. Rbe1 {[%emt 0:00:19]} Kg8 {[%emt 0:02:21]} 32. fxe5 {[%emt 0:01:01]} Nxe5 {[%emt 0:00:30]} 33. Nxe5 {[%emt 0:00:30]} fxe5 {[%emt 0:01:04]} 34. Rf3 {[%emt 0:00:27]} Rf7 {[%emt 0:01:42]} 35. Ref1 {[%emt 0:00:11]} Rxf3 {[%emt 0:00:43]} 36. Rxf3 {[%emt 0:00:29]} Qg5 {[%emt 0:01:20]} 37. Nb3 {[%emt 0:01:38]} Rxc4 {[%emt 0:00:51]} 38. Qf1 {[%emt 0:00:35]} Rc2 {[%emt 0:01:24]} 39. Rf8+ {[%emt 0:00:47]} Kg7 {[%emt 0:01:09]} 40. Rd8 {[%emt 0:00:37]} Qxd8 {[%emt 0:00:43]} 0-1

[Event "2023 Welsh Open"]
[Site "Cardiff"]
[Date "2023.04.10"]
[Round "6.9"]
[White "Parri, Deio"]
[Black "Dixon, Chris"]
[Result "1/2-1/2"]
[WhiteElo "1597"]
[BlackElo "1700"]
[PlyCount "104"]
[EventDate "2023.04.07"]
[SourceVersionDate "2023.04.25"]

1. d4 Nf6 2. c4 g6 3. Nc3 Bg7 4. e4 O-O 5. Bd3 d6 6. Nge2 Nc6 7. f3 a6 8. Be3 Rb8 9. Qd2 Bd7 10. O-O e5 11. d5 Ne7 12. Rab1 c6 13. Kh1 c5 14. Bg5 Ne8 15. f4 f6 16. Bh4 exf4 17. Nxf4 g5 18. Bxg5 fxg5 19. Nh5 Ng6 20. Rxf8+ Bxf8 21. Rf1 Bg7 22. Ne2 b5 23. cxb5 axb5 24. b3 Be5 25. Neg3 Nf4 26. Nxf4 Bxf4 27. Qe2 Ng7 28. e5 dxe5 29. Qe4 Qf6 30. Qxh7+ Kf7 31. Nh5 Bf5 32. Bxf5 Qxf5 33. Qxg7+ Ke8 34. Nxf4 gxf4 35. Qh8+ Qf8 36. Qxe5+ Kd7 37. Rxf4 Re8 38. Rxf8 Rxe5 39. h4 c4 40. bxc4 bxc4 41. Rf4 Re1+ 42. Kh2 c3 43. Rc4 Re3 44. a4 Kd6 45. a5 Kxd5 46. Rc8 Kd4 47. Rd8+ Kc4 48. a6 Re7 49. Ra8 Kd3 50. a7 Kc2 51. g4 Kc1 52. Kg3 c2 1/2-1/2

[Event "2023 Welsh Open"]
[Site "Cardiff"]
[Date "2023.04.10"]
[Round "6.10"]
[White "Browse, Joseph"]
[Black "Buttell, David"]
[Result "1/2-1/2"]
[WhiteElo "1473"]
[BlackElo "1691"]
[PlyCount "120"]
[EventDate "2023.04.07"]
[SourceVersionDate "2023.04.25"]

1. d4 Nf6 2. Nf3 g6 3. c4 Bg7 4. Nc3 O-O 5. e4 d6 6. Be2 c5 7. d5 Na6 8. h3 Nc7 9. O-O a6 10. a4 Bd7 11. Bf4 b6 12. Nd2 Nfe8 13. Bh2 e5 14. f4 f6 15. f5 g5 16. Bh5 b5 17. Qg4 b4 18. Ne2 a5 19. b3 Rb8 20. Rf3 Na8 21. Rg3 Qe7 22. h4 h6 23. Rh3 Nb6 24. Bg6 Nc7 25. hxg5 fxg5 26. Kf1 Ne8 27. Bg1 Nf6 28. Qg3 Be8 29. Bxe8 Rbxe8 30. Qe3 Nbd7 31. Ng3 Kf7 32. Ke2 Rh8 33. Bf2 Ng4 34. Qf3 Ndf6 35. Nh5 Nxh5 36. Rxh5 Nf6 37. Rh2 Reg8 38. Rah1 Ke8 39. g4 Kd7 40. Nf1 Bf8 41. Ng3 Qf7 42. Nh5 Nxh5 43. Rxh5 Qf6 44. R5h2 Bg7 45. Be3 Rf8 46. Qf2 Rc8 47. Qg2 Rcf8 48. Qh3 Qf7 49. Rf2 Qf6 50. Rhf1 Kc7 51. Bd2 Kb6 52. Qh5 Ka6 53. Qg6 Kb6 54. Qh5 Ka6 55. Qg6 Kb6 56. Be3 Qxg6 57. fxg6 Rxf2+ 58. Rxf2 Rf8 59. Rf7 Rxf7 60. gxf7 Bf8 1/2-1/2

[Event "2023 Welsh Open"]
[Site "Cardiff"]
[Date "2023.04.10"]
[Round "6.11"]
[White "Quinn, Peter"]
[Black "Graczyk, Piotr"]
[Result "1/2-1/2"]
[WhiteElo "1684"]
[BlackElo "1524"]
[PlyCount "48"]
[EventDate "2023.04.07"]
[SourceVersionDate "2023.04.25"]

1. e4 d5 2. exd5 Qxd5 3. Nc3 Qa5 4. d4 c6 5. Nf3 Nf6 6. Be2 Bf5 7. O-O e6 8. Bd2 Bb4 9. a3 Bxc3 10. Bxc3 Qc7 11. h3 Nbd7 12. Re1 O-O-O 13. b4 Nb6 14. Qc1 Ne4 15. Bb2 Na4 16. c4 g5 17. Bd1 Nxb2 18. Qxb2 Nd6 19. c5 Ne4 20. b5 cxb5 21. a4 b4 22. Qxb4 a5 23. Qb2 h5 24. Be2 f6 1/2-1/2

[Event "2023 Welsh Open"]
[Site "Cardiff"]
[Date "2023.04.10"]
[Round "6.13"]
[White "Szakmany, Bence"]
[Black "Rovaretti, David"]
[Result "1-0"]
[WhiteElo "1561"]
[BlackElo "1641"]
[PlyCount "113"]
[EventDate "2023.04.07"]
[SourceVersionDate "2023.04.25"]

1. e4 e5 2. Nf3 Nc6 3. Bb5 a6 4. Ba4 Nf6 5. O-O b5 6. Bb3 Be7 7. Re1 O-O 8. a4 b4 9. c3 a5 10. d4 d6 11. h3 Bd7 12. Nbd2 Qc8 13. dxe5 dxe5 14. Nc4 Rd8 15. Ncxe5 Nxe5 16. Nxe5 Bxh3 17. Bxf7+ Kf8 18. Qf3 Bg4 19. Nxg4 Qxg4 20. Qxg4 Nxg4 21. Bd5 Bc5 22. Rf1 Ra6 23. Bc4 Rg6 24. Bf4 Bd6 25. Bxd6+ Rgxd6 26. cxb4 axb4 27. a5 Ne5 28. Bb3 Rd2 29. f4 Nd3 30. Rfd1 Nc5 31. Rxd2 Rxd2 32. a6 Nxb3 33. a7 Rd8 34. a8=Q Rxa8 35. Rxa8+ Ke7 36. Kf2 Nd2 37. e5 Nc4 38. b3 Nb6 39. Ra5 Ke6 40. Rc5 Nd5 41. Kf3 g6 42. Ke4 Nc3+ 43. Kd4 Ne2+ 44. Ke3 Nc3 45. Kd3 Nd5 46. g3 h5 47. Kd4 Ne7 48. Rxc7 Nf5+ 49. Kd3 Nxg3 50. Rc6+ Kf7 51. Rb6 Nf5 52. Rxb4 h4 53. Rb7+ Ne7 54. Ke4 Ke6 55. Kf3 Nd5 56. Rh7 Ne7 57. Rxe7+ 1-0

[Event "2023 Welsh Open"]
[Site "Cardiff"]
[Date "2023.04.10"]
[Round "6.14"]
[White "Hollyman, Mike"]
[Black "Westcott, Dale"]
[Result "0-1"]
[WhiteElo "1418"]
[BlackElo "1607"]
[PlyCount "80"]
[EventDate "2023.04.07"]
[SourceVersionDate "2023.04.25"]

1. c4 c6 2. e4 d5 3. cxd5 cxd5 4. exd5 Nf6 5. Nc3 Nxd5 6. d4 g6 7. g3 Bg7 8. Bg2 Nxc3 9. bxc3 O-O 10. Ne2 Nd7 11. O-O Rb8 12. Be3 b6 13. Qd2 Ba6 14. Rfe1 Qc7 15. Nf4 e6 16. Rac1 Rfd8 17. Qc2 Rbc8 18. h4 Nf6 19. Bf3 Bb7 20. Qe2 Bxf3 21. Qxf3 Nd5 22. Nxd5 Rxd5 23. c4 Ra5 24. Bf4 Qd7 25. a3 Qxd4 26. Red1 Qc5 27. Bd6 Qf5 28. Qb7 Rd8 29. Be7 Rxd1+ 30. Rxd1 h5 31. Rd8+ Kh7 32. Rd7 Re5 33. Bf6 Qxf6 34. Rxf7 Re1+ 35. Kg2 Qe5 36. Qxa7 Qe4+ 37. Rf3 Rb1 38. Qc7 Qe1 39. g4 Qg1+ 40. Kh3 hxg4# 0-1

[Event "2023 Welsh Open"]
[Site "Cardiff"]
[Date "2023.04.10"]
[Round "6.15"]
[White "Mason, Edward"]
[Black "Bridges, Paul"]
[Result "0-1"]
[WhiteElo "1361"]
[BlackElo "1751"]
[PlyCount "100"]
[EventDate "2023.04.07"]
[SourceVersionDate "2023.04.25"]

1. e4 c5 2. Nf3 e6 3. d4 cxd4 4. Nxd4 Nc6 5. Nc3 Nf6 6. Bb5 Qc7 7. Bg5 Be7 8. O-O O-O 9. Qd2 a6 10. Nxc6 dxc6 11. Bd3 c5 12. Rad1 b5 13. Bf4 e5 14. Bg5 c4 15. Bxf6 Bxf6 16. Nd5 Qd8 17. Nxf6+ Qxf6 18. Be2 Bb7 19. Qe3 Rfd8 20. f3 h6 21. Qc3 Qb6+ 22. Kh1 f6 23. b3 cxb3 24. Qxb3+ Kh7 25. c4 b4 26. a3 a5 27. axb4 Qxb4 28. Qxb4 axb4 29. Rxd8 Rxd8 30. Rd1 Rxd1+ 31. Bxd1 Kg8 32. Kg1 Kf8 33. Kf2 Ke7 34. Ke3 Kd6 35. Kd3 Kc5 36. g4 Bc6 37. h4 Bd7 38. h5 Be6 39. Bb3 Bf7 40. Ba2 g6 41. hxg6 Bxg6 42. Bb3 Bf7 43. Ba2 h5 44. gxh5 Bxh5 45. Ke3 Be8 46. Bb3 Bf7 47. Kd3 Be6 48. Ba2 Bh3 49. Kd2 Kd4 50. Ke2 Be6 0-1

[Event "2023 Welsh Open"]
[Site "Cardiff"]
[Date "2023.04.10"]
[Round "6.16"]
[White "Greco, Joseph"]
[Black "Emblem, Mark"]
[Result "1-0"]
[WhiteElo "1730"]
[BlackElo "1403"]
[PlyCount "113"]
[EventDate "2023.04.07"]
[SourceVersionDate "2023.04.27"]

1. Nf3 Nf6 2. g3 e6 3. Bg2 d5 4. O-O Be7 5. d3 b6 6. Nbd2 Bb7 7. c3 O-O 8. d4 Nbd7 9. Re1 Ne4 10. Ne5 Nxe5 11. Nxe4 dxe4 12. dxe5 Qxd1 13. Rxd1 Rad8 14. Be3 c5 15. c4 f5 16. exf6 Bxf6 17. Rxd8 Rxd8 18. Rb1 Rd7 19. h4 h6 20. b3 Bc3 21. Rc1 Be5 22. h5 Bc6 23. Rc2 a5 24. Rd2 Rxd2 25. Bxd2 Kf7 26. Kh2 Bd4 27. Be1 Ke7 28. g4 Kd6 29. Kg3 Be5+ 30. Kh3 Bf6 31. Bd2 Bg5 32. Bc3 Bf6 33. Be1 Bg5 34. Kg3 e5 35. e3 Bf6 36. Bd2 Bg5 37. f4 exf3 38. Bxf3 Bf6 39. Bxc6 Kxc6 40. Kf3 Kd6 41. Ke4 Ke6 42. Bc3 Kd6 43. Kf5 Ke7 44. Bxe5 Bxe5 45. Kxe5 a4 46. Kf5 axb3 47. axb3 Kf7 48. e4 Ke7 49. Kg6 Kf8 50. e5 Kg8 51. e6 Kf8 52. e7+ Kxe7 53. Kxg7 Ke6 54. Kxh6 Kf7 55. g5 Kg8 56. g6 Kh8 57. g7+ 1-0